Finanzas (Registro nro. 12685)

Detalles MARC
000 -LEADER
fixed length control field 00333nam a2200157Ia 4500
008 - FIXED-LENGTH DATA ELEMENTS--GENERAL INFORMATION
fixed length control field 210310s9999 xx 000 0 und d
020 ## - INTERNATIONAL STANDARD BOOK NUMBER
International Standard Book Number #N/A
100 ## - MAIN ENTRY--PERSONAL NAME
Personal name Salvador Oria
9 (RLIN) 28934
245 #0 - TITLE STATEMENT
Title Finanzas
260 ## - PUBLICATION, DISTRIBUTION, ETC.
Date of publication, distribution, etc. 1948
300 ## - PHYSICAL DESCRIPTION
Other physical details #N/A
440 ## - SERIES STATEMENT/ADDED ENTRY--TITLE
Title #N/A
9 (RLIN) 28935
500 ## - GENERAL NOTE
General note #N/A
505 ## - FORMATTED CONTENTS NOTE
Formatted contents note #N/A
650 ## - SUBJECT ADDED ENTRY--TOPICAL TERM
Topical term or geographic name entry element #N/A
9 (RLIN) 28936

No hay ítems disponibles.